Central Library OPAC University of Rajshahi

একটি অপহরণ সংবাদ / (Record no. 39411)

MARC details
000 -LEADER
fixed length control field 01019nam a2200241 a 4500
001 - CONTROL NUMBER
control field 39411
003 - CONTROL NUMBER IDENTIFIER
rucl marc code BD-RjUL
005 - DATE AND TIME OF LATEST TRANSACTION
control field 20211209053003.0
008 - FIXED-LENGTH DATA ELEMENTS--GENERAL INFORMATION
fixed length control field 160410r20112005bg ||||| |||| 00| 0 ben d
020 ## - INTERNATIONAL STANDARD BOOK NUMBER
International Standard Book Number 9789848088241
Terms of availability : TK 294.00
035 ## - SYSTEM CONTROL NUMBER
System control number (BD-RjUL)39524
040 ## - CATALOGING SOURCE
Original cataloging agency BD-RjUL
Language of cataloging ben
Transcribing agency BD-RjUL
041 ## - LANGUAGE CODE
Language code of text/sound track or separate title ben
082 ## - DEWEY DECIMAL CLASSIFICATION NUMBER
Edition number 23
Classification number 860.3
Author mark and year MAN 2011
100 ## - MAIN ENTRY--PERSONAL NAME
Personal name মার্কেস, গাব্রিয়েল গার্সিয়া
9 (RLIN) 121490
245 10 - TITLE STATEMENT
Title একটি অপহরণ সংবাদ /
Statement of responsibility, etc. গাব্রিয়েল গার্সিয়া মার্কেস; সুরেশ রঞ্জন বসাক অনুবাদক
260 ## - PUBLICATION, DISTRIBUTION, ETC. (IMPRINT)
Place of publication, distribution, etc. ঢাকা :
Name of publisher, distributor, etc. সন্দেশ,
Date of publication, distribution, etc. ২০১১
300 ## - PHYSICAL DESCRIPTION
Pagination ২৫৬ পৃ. ;
Size ২২ সেমি.
650 ## - SUBJECT ADDED ENTRY--TOPICAL TERM
Topical term or geographic name as entry element কলম্বিয়ান উপন্যাস
9 (RLIN) 121491
Topical term or geographic name as entry element Colombian fiction
Geographic subdivision Colombia
9 (RLIN) 121492
700 ## - ADDED ENTRY--PERSONAL NAME
Personal name বসাক, সুরেশ রঞ্জন
942 ## - ADDED ENTRY ELEMENTS (KOHA)
Source of classification or shelving scheme Dewey Decimal Classification
Koha item type Books
Holdings
Lost status Source of classification or shelving scheme Damaged status Not for loan Collection code Permanent Location Current Location Shelving location Date acquired Source of acquisition Cost, normal purchase price Total Checkouts Full call number Date last seen Copy number Koha item type Date checked out Total Renewals
  Dewey Decimal Classification   Not For Loan Non-fiction Central Library, University of Rajshahi Central Library, University of Rajshahi Reading Room 24/06/2013 Dhaka, Sondesh 294.00   B 860.3 MAN 2011 10/04/2016 C-1 Books    
  Dewey Decimal Classification     Non-fiction Central Library, University of Rajshahi Central Library, University of Rajshahi   24/06/2013 Dhaka, Sondesh 294.00 1 B 860.3 MAN 2011 24/02/2018 C-2 Books 06/02/2018  
  Dewey Decimal Classification     Non-fiction Central Library, University of Rajshahi Central Library, University of Rajshahi   24/06/2013 Dhaka, Sondesh 294.00 4 B 860.3 MAN 2011 20/02/2019 C-3 Books 23/01/2019 1